US Navy Battle cruisers - Statistics

General Stats
  • This quiz has been taken 35 times
  • The average score is 7 of 12
Answer Stats
Hint Answer % Correct
CB-1 USS Alaska
93%
CB-2 USS Guam
86%
CB-3 USS Hawaii
86%
CB-5 USS Puerto Rico
79%
CC-1 USS Lexington
75%
CC-3 USS Saratoga
75%
CB-4 USS Philippines
54%
CC-2 USS Constellation
43%
CC-6 USS United States
43%
CC-5 USS Constitution
36%
CC-4 USS Ranger
36%
CB-6 USS Samoa
29%
No matching quizzes found
Score Distribution
Percent of People with Each Score
Percentile by Number Answered
Your Score History
You have not taken this quiz